|
|
|
|
| LEADER |
00000ckm a2200000 a 4500 |
| 001 |
vtls001334637 |
| 003 |
SK-MaSNL |
| 005 |
20260512122621.0 |
| 007 |
kp co |
| 008 |
230706q1900 xo g 0k|hun |
| 015 |
|
|
|a SNBG
|
| 035 |
|
|
|a SNK000287590
|
| 035 |
|
|
|a urn:nbn:sk:snk-km3lzi1
|
| 035 |
|
|
|a 26034221-1F2B-483A-9188-AA922295C491
|
| 035 |
|
|
|a urn:nbn:sk:snk-km00dnrq
|
| 040 |
|
|
|a SNK
|b slo
|c SNK
|e AACR2
|
| 041 |
0 |
|
|a hun
|
| 043 |
|
|
|a e-xo---
|
| 044 |
|
|
|a xo
|c SK
|
| 072 |
|
7 |
|a 913
|x Regionálna geografia
|2 konspekt
|
| 080 |
|
|
|a 913(437.6)
|2 2011
|
| 080 |
|
|
|a (084.121)
|2 2011
|
| 245 |
0 |
0 |
|a Űdvőzlet Lőcséről
|h grafika
|b M. kir. áll. felsöbb leányiskola
|
| 260 |
|
|
|a Lőcsén
|b Braun Fűlőp
|c [medzi 1900 a 1907?]
|
| 300 |
|
|
|a 1 pohľadnica
|b kolorovaná
|c 9 x 14 cm
|
| 520 |
8 |
|
|a Zobrazenie: Nad bielym pásom pre správu je vyobrazená budova školy pri plote stoja 3 osoby
|
| 651 |
|
7 |
|a Levoča (Slovensko)
|2 SNKPHgeo
|9 26696
|
| 655 |
|
7 |
|a miestne pohľadnice
|2 SNKPH
|9 70510
|
| 655 |
|
7 |
|a historické pohľadnice
|2 SNKPH
|9 159703
|
| 752 |
|
|
|a Slovensko
|d Levoča
|
| 852 |
|
|
|a Slovenská národná knižnica
|
| 958 |
|
|
|a GBN
|
| 958 |
|
|
|a GC
|
| 958 |
|
|
|a ONDV
|
| 999 |
|
|
|c 632639
|d 634569
|
| 952 |
|
|
|t P60, <04>, [BOOK], {604}
|a SNK
|b SNK
|y PREZ
|7 0
|p 17A0143231
|o snkSP 76253
|z Pohľadnica prešla poštou.
|0 0
|1 0
|4 0
|d 1998-06-17
|f 1
|l 0
|r 2005-01-02 00:00:00
|w 2026-02-23
|